00339 2200133 4500245005000000020002200050250001100072100001600083005001900099260005000118041001400168084000900182300001400191 aThe Untold Islamic HistorycEdgar HamashText a978-623-96662-0-0 aCet. 2 aEdgar Hamas a20240909141124 aDepokbPenerbit PT. Shalahuddin Berilmuc2021 aIndonesia aNONE a249 hlm :